| 000 | 00676nam a2200133Ia 4500 | ||
|---|---|---|---|
| 008 | 171212s9999 xx 000 0 und d | ||
| 020 | _a9780833029850 | ||
| 100 | _aWoodward, John D.;Webb, Katharine Watkins;Newton, Elaine M.;Bradley, Melissa A.;Rubenson, David | ||
| 245 |
_cWoodward, John D.;Webb, Katharine Watkins;Newton, Elaine M.;Bradley, Melissa A.;Rubenson, David _aArmy Biometric Applications _bIdentifying and Addressing Sociocultural Concerns |
||
| 260 |
_bRAND Corporation _c2001 |
||
| 650 | _aManagement & Organizational Behavior | ||
| 650 | _aUnited States. Army -- Personnel management; Biometry -- United States | ||
| 856 | _uwww.jstor.org/stable/10.7249/mr1237a | ||
| 999 |
_c351748 _d351748 |
||